[Event "HUN-chT U18"]
[Site "Hajduboszormeny"]
[Date "2016.11.05"]
[Round "6.41"]
[White "Ruska, Zoltan Jr"]
[Black "Simonyi, Dora"]
[Result "0-1"]
[WhiteElo "1326"]
[BlackElo "1412"]
[PlyCount "82"]
[EventDate "2016.11.02"]
[EventType "team-swiss"]
[EventRounds "8"]
[EventCountry "HUN"]
[SourceTitle "CBM 175 Extra"]
[Source "ChessBase"]
[SourceDate "2016.12.12"]
[SourceVersion "1"]
[SourceVersionDate "2016.12.12"]
[SourceQuality "1"]

1. d4 d5 2. Nf3 Nf6 3. e3 g6 4. c4 e6 5. Nc3 Bg7 6. Bd3 0-0 7. 0-0 b6 8. Re1 Bb7 9. b3 c5 10. Ba3 Nbd7 11. h3 Re8 12. Qe2 Qc7 13. Rac1 Ne4 14. Qc2 Ndf6 15. Nb5 Qd7 16. Bb2 a6 17. Nc3 Rad8 18. Rcd1 Nxc3 19. Bxc3 dxc4 20. Bxc4 Bxf3 21. gxf3 Qb7 22. e4 Qc8 23. Qb2 b5 24. Be2 b4 25. Bd2 Rxd4 26. Be3 Rxd1 27. Rxd1 Nxe4 28. Qc2 Nc3 29. Rd2 Nxe2+ 30. Rxe2 Bd4 31. Bxd4 cxd4 32. Qxc8 Rxc8 33. Rd2 e5 34. Kf1 f5 35. Ke2 Kf7 36. h4 Ke6 37. f4 a5 38. f3 Rd8 39. fxe5 Kxe5 40. Rd3 Rc8 41. Kd2 Rc3 0-1

[Event "HUN-ch U14"]
[Site "Balatonlelle"]
[Date "2015.06.19"]
[Round "2"]
[White "Szabo, Balint"]
[Black "Ruska, Zoltan Jr"]
[Result "1-0"]
[WhiteElo "1620"]
[BlackElo "1364"]
[PlyCount "35"]
[EventDate "2015.06.18"]
[EventType "swiss"]
[EventRounds "9"]
[EventCountry "HUN"]
[SourceTitle "CBM 167 Extra"]
[Source "ChessBase"]
[SourceDate "2015.09.14"]
[SourceVersion "1"]
[SourceVersionDate "2015.09.14"]
[SourceQuality "1"]

1. e4 e5 2. Nf3 Nc6 3. Bc4 d6 4. h3 Be7 5. Nc3 h6 6. d4 exd4 7. Nxd4 Nxd4 8. Qxd4 Bf6 9. Qd3 Ne7 10. 0-0 0-0 11. Qg3 Be5 12. f4 Bxc3 13. bxc3 d5 14. exd5 Nxd5 15. f5 c6 16. Bxh6 g6 17. Bxf8 Qxf8 18. fxg6 1-0